LEADER 01214nam 2200349Ia 450 001 996391254403316 005 20221108062639.0 035 $a(CKB)1000000000658345 035 $a(EEBO)2240878298 035 $a(OCoLC)13799302 035 $a(EXLCZ)991000000000658345 100 $a19860628d1648 uy | 101 0 $aeng 135 $aurbn||||a|bb| 200 10$aJacobi Usserii Armachani De Macedonvm et Asianorvm anno solari dissertatio$b[electronic resource] $ecum Graecorum astronomorum parapegmate ad Macedonici et Juliani anni rationes accommodato 210 $aLondoni $cTypis M. Flesher & prostant apud Cornelium Bee ...$d1648 215 $a77, [24] p 300 $aReproduction of original in Bodleian Library. 330 $aeebo-0014 606 $aCalendar, Greek$vEarly works to 1800 606 $aCalendar, Julian$vEarly works to 1800 615 0$aCalendar, Greek 615 0$aCalendar, Julian 700 $aUssher$b James$f1581-1656.$0744208 801 0$bEAA 801 1$bEAA 801 2$bm/c 801 2$bWaOLN 906 $aBOOK 912 $a996391254403316 996 $aJacobi Usserii Armachani De Macedonvm et Asianorvm anno solari dissertatio$92404859 997 $aUNISA LEADER 01082nam a2200241 i 4500 001 991004066579707536 005 20020509153426.0 008 011023s1970 de ||| | ger 035 $ab11257593-39ule_inst 035 $aPARLA194373$9ExL 040 $aDip.to Filol. Class. e di Scienze Filosofiche$bita 100 1 $aLöfstedt, Einar$0395032 245 10$aPhilologischer kommentar zur Peregrinatio Aetheriae :$buntersuchungen zur geschichte der lateinischen sprache /$cvon Einar Löfstedt 260 $aUppsala :$bWissenschaftliche Buchgesellschaft,$c1970 300 $a359 p. ;$c23 cm. 490 0 $aArbeten utgifna med understöd af Vilhelm Ekmans universitetsfond, Uppsala ;$v9 650 4$aSilvia, of Aquitaine, Saint 907 $a.b11257593$b23-02-17$c01-07-02 912 $a991004066579707536 945 $aLE007 870.1 Aetheria LOF 01.501$g1$i2007000057377$lle007$o-$pE0.00$q-$rl$s- $t0$u0$v0$w0$x0$y.i11419052$z01-07-02 996 $aPhilologischer Kommentar zur Peregrinatio Aetheriae$978396 997 $aUNISALENTO 998 $ale007$b01-01-01$cm$da $e-$fger$gde $h0$i1